Reforms and economic transformation in india (Record no. 443887)

000 -LEADER
fixed length control field 00555cam a22001697a 4500
008 - FIXED-LENGTH DATA ELEMENTS--GENERAL INFORMATION
fixed length control field 180718b2013 xxu||||| |||| 00| 0 eng d
020 ## - INTERNATIONAL STANDARD BOOK NUMBER
International Standard Book Number 9780198092391
082 ## - DEWEY DECIMAL CLASSIFICATION NUMBER
Classification number T19x54 B469r
245 ## - TITLE STATEMENT
Title Reforms and economic transformation in india
Statement of responsibility, etc. edited by jagdish bhagwati, arvind panagariya
260 ## - PUBLICATION, DISTRIBUTION, ETC.
Place of publication, distribution, etc. New York
Name of publisher, distributor, etc. OUP
Date of publication, distribution, etc. 2013
300 ## - PHYSICAL DESCRIPTION
Extent 292
650 ## - SUBJECT ADDED ENTRY--TOPICAL TERM
Topical term or geographic name entry element India -- Economic policy -- 1991-
650 ## - SUBJECT ADDED ENTRY--TOPICAL TERM
Topical term or geographic name entry element India -- Economic conditions -- 21st century
650 ## - SUBJECT ADDED ENTRY--TOPICAL TERM
Topical term or geographic name entry element Industrial policy -- India
700 ## - ADDED ENTRY--PERSONAL NAME
Personal name Panagariya, Arvind
700 ## - ADDED ENTRY--PERSONAL NAME
Personal name Bhagwati, Jagdish
Holdings
Withdrawn status Lost status Damaged status Not for loan Permanent Location Current Location Date acquired Full call number Barcode Date last seen Price effective from Koha item type
        Indian Institute of Public Administration Indian Institute of Public Administration 2014-05-22 T19x54 B469r DA6413 2018-07-21 2018-07-21 DA

Powered by Koha